Statistics for Most visited countries in Asia

Click here to take the quiz!

General Stats

  • This quiz has been taken 2,103 times
    (1,281 since last reset)
  • The average score is 12 of 13

Answer Stats

No. of international tourist (mil.)Country / Territory% Correct
55.6China
100%
13.4Japan
99%
7.7India
98%
24.7Thailand
97%
9.4Indonesia
96%
14.2South Korea
95%
7.8Vietnam
93%
27.4Malaysia
91%
11.8Singapore
89%
9.9United Arab Emirates
89%
4.8Philippines
87%
15.0Saudi Arabia
85%
9.9Taiwan
82%

Score Distribution

Percentile by Number Answered

Percent of People with Each Score

Your Score History

You have not taken this quiz since the last reset